| 000 | 00559nmm a2200193Ia 4500 | ||
|---|---|---|---|
| 008 | 251105s9999||||xx |||||||||||||||||und|| | ||
| 020 | _a9788417860059 | ||
| 041 | _aspa | ||
| 100 | _aWalser, Robert | ||
| 245 | 0 | _aLo mejor que sé decir sobre la música | |
| 264 |
_a[Madrid, España] : _bSiruela, _c2019 |
||
| 300 | _a208 páginas | ||
| 490 | _aLibros del Tiempo / Biblioteca Robert Walser | ||
| 650 | _aMusic | ||
| 700 | _aWalser, Robert | ||
| 700 | 1 | _a Blanco, Rosa Pilar | |
| 856 | _uhttps://public.digitaliapublishing.com/a/68442 | ||
| 942 | _cCF | ||
| 999 |
_c72509 _d72509 |
||